Κτήση κυριότητας σε ναυπηγούμενο πλοίο
Αποθηκεύτηκε σε:
| Κύριος συγγραφέας: | |
|---|---|
| Μορφή: | Βιβλίο |
| Γλώσσα: | Greek |
| Δημοσίευση: |
Αθήνα : Κομοτηνή :
Αντ. Ν. Σάκκουλας,
1997
|
| Σειρά: | Ελληνική ένωση ναυτικού δικαίου ;
; 6 |
| Θέματα: | |
| Ετικέτες: |
Προσθήκη ετικέτας
Δεν υπάρχουν, Καταχωρήστε ετικέτα πρώτοι!
|
MARC
| LEADER | 00000cam a2200000 i 4500 | ||
|---|---|---|---|
| 001 | 1/9897 | ||
| 008 | 000828s1997 gre d | ||
| 020 | |a 960-232-676-X | ||
| 035 | |l 10063233 | ||
| 040 | |a GR-MY-UA |b gre |e aacr | ||
| 041 | 0 | |a gre | |
| 082 | 0 | |a 343.0965 | |
| 100 | 1 | |a Αντάπασης, Αντώνιος Μ. | |
| 245 | 1 | 0 | |a Κτήση κυριότητας σε ναυπηγούμενο πλοίο / |c Αντώνης Μ. Αντάπασης |
| 260 | |a Αθήνα : |a Κομοτηνή : |b Αντ. Ν. Σάκκουλας, |c 1997 | ||
| 300 | |a 59 σ.; |c 21 cm | ||
| 490 | 1 | |a Ελληνική ένωση ναυτικού δικαίου |v ; 6 | |
| 650 | 0 | 0 | |a Maritime law. |
| 650 | 0 | 0 | |a Naval architecture |x Law and legislation. |
| 650 | 0 | 0 | |a Ships |x Law and legislation. |
| 830 | 0 | |a Ελληνική ένωση ναυτικού δικαίου ; |v ; 6 | |
| 852 | |a INST |b CHIOS |e 20000828 |h 343.0965 ΑΝΤ |p 005200017221 |q 005200017221 |t BK |y 0 | ||
| 901 | |a BIBL2-2000-2 | ||
| 909 | |a Χ |b 074547 | ||
| 970 | |z 2000/08/LITSA | ||